000 00444nam a2200181Ia 4500
001 20384
005 20260306172802.0
008 260306t2007||||xx |||||||||||||| ||spa||
041 _aESP
082 _a343.2C13
_bCH557
100 _aChirinos Soto, Enrique
_eAUT
245 0 _aLa constitución:
_blectura y comentario
260 _c2007
300 _a667 pƔginas :
_c24 cm.
650 _aGEN
654 _aCDE
942 _cLIB
_dJUS
_fJUS
_2ddc
_n
999 _c20384
_d20384